[Event "Team men HL chess 2016"]
[Site "Sochi"]
[Date "2016.05.04"]
[Round "4.6"]
[White "Usmanov, Vasily"]
[Black "Zhurikhin, Alexander"]
[Result "0-1"]
[WhiteElo "2436"]
[BlackElo "2334"]
[PlyCount "100"]
[EventDate "2016.05.01"]

1. c4 c6 2. Nf3 d5 3. e3 Nf6 4. Nc3 Bg4 5. Qb3 Qb6 6. Qxb6 axb6 7. cxd5 Bxf3 8.
gxf3 Nxd5 9. Nxd5 cxd5 10. d4 Nc6 11. Bd2 e6 12. Bb5 Bd6 13. Ke2 Ke7 14. Rhc1
Rhc8 15. f4 g6 16. Rc3 Rc7 17. Bd3 Na5 18. Rxc7+ Bxc7 19. Rc1 Bd6 20. Bb5 Kd8
21. f3 Rc8 22. Rxc8+ Kxc8 23. Be8 f5 24. Be1 Nc6 25. Bh4 Be7 26. Bg5 Kd8 27.
Bxc6 bxc6 28. Kd3 Kd7 29. Bxe7 Kxe7 30. Kc3 Kd6 31. Kb4 Kc7 32. a4 Kb7 33. a5
Ka6 34. axb6 Kxb6 35. h3 h6 36. h4 h5 37. b3 Kb7 38. Kc5 Kc7 39. b4 Kd7 40. Kb6
Kd6 41. Ka6 Ke7 42. Ka7 e5 43. dxe5 g5 44. fxg5 f4 45. exf4 d4 46. f5 d3 47. g6
d2 48. f6+ Kf8 49. g7+ Kg8 50. e6 d1=Q 0-1

[Event "Team men HL chess 2016"]
[Site "Sochi"]
[Date "2016.05.04"]
[Round "4.6"]
[White "Kostin, Alexey"]
[Black "Palchun, Grigory"]
[Result "1-0"]
[WhiteElo "2288"]
[BlackElo "2320"]
[PlyCount "73"]
[EventDate "2016.05.01"]

1. e4 e5 2. Nc3 Nf6 3. f4 d5 4. exd5 exf4 5. Bb5+ c6 6. dxc6 Nxc6 7. d4 Bb4 8.
Nge2 f3 9. gxf3 O-O 10. O-O Nh5 11. Ne4 f5 12. N4g3 Qh4 13. Nxh5 Qxh5 14. Nf4
Qh4 15. Ng2 Qxd4+ 16. Qxd4 Nxd4 17. Bc4+ Be6 18. Bxe6+ Nxe6 19. c3 Bc5+ 20. Be3
Rad8 21. Rad1 Kf7 22. Rfe1 Rfe8 23. Kf1 Kf6 24. Bxc5 Nxc5 25. b4 Na4 26. Rxd8
Rxd8 27. c4 Rd4 28. Ne3 Nb2 29. c5 Kg5 30. b5 Rd2 31. c6 bxc6 32. bxc6 Rd8 33.
f4+ Kf6 34. c7 Rc8 35. Nd5+ Kf7 36. Re7+ Kf8 37. Rd7 1-0

[Event "Team men HL chess 2016"]
[Site "Sochi"]
[Date "2016.05.04"]
[Round "4.7"]
[White "Tukhaev, Adam"]
[Black "Pustovoitova, Daria"]
[Result "1-0"]
[WhiteElo "2536"]
[BlackElo "2304"]
[PlyCount "57"]
[EventDate "2016.05.01"]

1. e4 e6 2. d4 d5 3. e5 c5 4. c3 Nc6 5. Nf3 Bd7 6. Be2 Nge7 7. O-O cxd4 8. cxd4
Nf5 9. Nc3 Be7 10. g4 Nh4 11. Nxh4 Bxh4 12. f4 Be7 13. Be3 Rc8 14. Rc1 O-O 15.
Bd3 g6 16. f5 Bg5 17. Qd2 Bxe3+ 18. Qxe3 exf5 19. Nxd5 fxg4 20. Qh6 f5 21. exf6
Rf7 22. Bxg6 hxg6 23. Qxg6+ Kf8 24. Qh6+ Kg8 25. Rc5 Rh7 26. f7+ Rxf7 27. Nf6+
Rxf6 28. Rxf6 Bf5 29. Rg6+ 1-0

[Event "Team men HL chess 2016"]
[Site "Sochi"]
[Date "2016.05.04"]
[Round "4.7"]
[White "Smirnov, Alexey"]
[Black "Gabrielian, Artur"]
[Result "1-0"]
[WhiteElo "2445"]
[BlackElo "2520"]
[PlyCount "67"]
[EventDate "2016.05.01"]

1. d4 Nf6 2. c4 g6 3. Nc3 Bg7 4. e4 d6 5. Nf3 O-O 6. Be2 e5 7. O-O Nc6 8. d5
Ne7 9. Ne1 Nd7 10. Be3 f5 11. f3 f4 12. Bf2 g5 13. Rc1 Rf6 14. Nd3 Ng6 15. c5
dxc5 16. b4 c4 17. Nc5 Nb6 18. a4 a5 19. bxa5 Rxa5 20. Ne6 Bxe6 21. dxe6 Qxd1
22. Rfxd1 Rxe6 23. Nd5 Nxd5 24. Bxc4 Kh8 25. Bxd5 Rf6 26. Rxc7 Rxa4 27. Bxb7
Bf8 28. h4 Rd6 29. Rxd6 Bxd6 30. Rd7 Ra1+ 31. Kh2 Ra2 32. h5 Nf8 33. Rxd6 Rxf2
34. h6 1-0

[Event "Team men HL chess 2016"]
[Site "Sochi"]
[Date "2016.05.04"]
[Round "4.7"]
[White "Yandarbiev, Ruslan"]
[Black "Babarykin, Stanislav"]
[Result "1/2-1/2"]
[WhiteElo "2353"]
[BlackElo "2396"]
[PlyCount "120"]
[EventDate "2016.05.01"]

1. e4 e5 2. Nf3 Nc6 3. Bb5 a6 4. Ba4 Nf6 5. O-O Be7 6. Bxc6 dxc6 7. d3 Nd7 8.
Nbd2 O-O 9. Nc4 Bd6 10. b3 Re8 11. Bb2 c5 12. a4 b6 13. Nfd2 Nf8 14. Nxd6 cxd6
15. f4 exf4 16. Rxf4 Ng6 17. Rf2 d5 18. Qh5 Be6 19. Raf1 a5 20. Nf3 f6 21. e5
Nf4 22. Qh4 Ng6 23. Qh5 Nf4 24. Qh4 Ng6 25. Qg3 f5 26. Bc1 Rf8 27. Ng5 Qd7 28.
h4 Ne7 29. h5 d4 30. h6 g6 31. Nh3 Nd5 32. Bg5 Rae8 33. Bd2 Rc8 34. Ng5 Nc7 35.
Re1 Nd5 36. Qf3 Qc6 37. Qg3 Qd7 38. Nh3 Rcd8 39. Kh2 Qc7 40. Ng5 Rde8 41. Nh3
Rf7 42. Bg5 Ref8 43. Nf4 Nxf4 44. Qxf4 Qc6 45. Bf6 Rd7 46. Qg5 Qc7 47. Ref1
Rdf7 48. Kg1 Rd7 49. Rf3 Kf7 50. Bg7 Qd8 51. Bf6 Qc8 52. Rg3 Ke8 53. Qh4 Rdf7
54. Rgf3 Kd7 55. Qe1 Ke8 56. Bg7 Rg8 57. Qd2 Qc6 58. Rg3 Rd7 59. Rg5 Kd8 60.
Qf4 Kc8 1/2-1/2

[Event "Team men HL chess 2016"]
[Site "Sochi"]
[Date "2016.05.04"]
[Round "4.7"]
[White "Suslov, Evgeniy"]
[Black "Kozak, Alexander"]
[Result "1-0"]
[WhiteElo "2245"]
[BlackElo "2280"]
[PlyCount "131"]
[EventDate "2016.05.01"]

1. Nf3 f5 2. g3 Nf6 3. Bg2 g6 4. O-O Bg7 5. d4 O-O 6. b3 c6 7. Bb2 d6 8. c4 Na6
9. Nbd2 Nc7 10. Qc2 Nh5 11. e4 f4 12. d5 e5 13. dxc6 Ne6 14. cxb7 Bxb7 15. b4
Qb6 16. c5 Qxb4 17. Rab1 Nxc5 18. Bxe5 Bxe4 19. Rxb4 Bxc2 20. Bxd6 Rfc8 21. Ne5
Nd3 22. Nxd3 Bxd3 23. Bxa8 Rxa8 24. Rc1 fxg3 25. hxg3 Bh6 26. Rb8+ Rxb8 27.
Bxb8 Bf5 28. Rd1 Bg4 29. f3 Be6 30. Ne4 Be3+ 31. Kg2 Bxa2 32. Bxa7 Bh6 33. Rd8+
Kf7 34. Rd7+ Kg8 35. Bd4 Bb1 36. Kf2 Bc2 37. Be5 Bb1 38. g4 Bxe4 39. fxe4 Nf4
40. Bxf4 Bxf4 41. Ke2 h5 42. gxh5 gxh5 43. Kf3 Bh2 44. Rd2 Bc7 45. Rc2 Bd6 46.
Rd2 Bc7 47. Rd5 h4 48. Kg4 Kf8 49. Kxh4 Ke7 50. Kg4 Ke6 51. Rh5 Bb8 52. Rh8 Bc7
53. Re8+ Kd7 54. Ra8 Ke6 55. Ra7 Bh2 56. Ra8 Bc7 57. Kg5 Bg3 58. Kg6 Ke7 59.
Kf5 Bf2 60. Rb8 Bg3 61. e5 Kf7 62. Rb7+ Ke8 63. Ke6 Kf8 64. Rb8+ Kg7 65. Re8
Bh2 66. Kd7 1-0

[Event "Team men HL chess 2016"]
[Site "Sochi"]
[Date "2016.05.04"]
[Round "4.8"]
[White "Shcherbakov, Ruslan"]
[Black "Tarlev, Konstantin"]
[Result "1/2-1/2"]
[WhiteElo "2492"]
[BlackElo "2586"]
[PlyCount "49"]
[EventDate "2016.05.01"]

1. e4 c5 2. Nf3 e6 3. b3 d6 4. Bb2 Nf6 5. e5 dxe5 6. Nxe5 Nbd7 7. f4 Be7 8. Bd3
O-O 9. O-O Nd5 10. Na3 N7f6 11. c4 Nb4 12. Bb1 Nd7 13. Nc2 Nxe5 14. fxe5 Nc6
15. Ne3 Bg5 16. Be4 Nd4 17. Kh1 Rb8 18. Qh5 g6 19. Qh3 h5 20. Rf2 Bd7 21. Raf1
Kg7 22. Rf6 Bc6 23. Qg3 Bxf6 24. exf6+ Kh7 25. Bb1 {çàïèñü íå ðàçáîð~~èâà}
1/2-1/2

[Event "Team men HL chess 2016"]
[Site "Sochi"]
[Date "2016.05.04"]
[Round "4.8"]
[White "Sek, Konstantin"]
[Black "Radzhabov, Rodion"]
[Result "1-0"]
[WhiteElo "2450"]
[BlackElo "2172"]
[PlyCount "58"]
[EventDate "2016.05.01"]

1. e4 c5 2. Nf3 Nc6 3. d4 cxd4 4. Nxd4 Qc7 5. Nc3 e6 6. Ndb5 Qb8 7. f4 a6 8.
Nd4 d6 9. Be3 Nf6 10. Qf3 Be7 11. O-O-O Nxd4 12. Rxd4 O-O 13. Rg1 b5 14. g4 b4
15. Nd1 d5 16. e5 Ne4 17. Bd3 Bb7 18. Nf2 Bc5 19. Re1 f5 20. exf6 Rxf6 21. Rxe4
dxe4 22. Nxe4 Bxe3+ 23. Qxe3 Bxe4 24. Bxe4 Ra7 25. f5 exf5 26. Bxf5 Kh8 27.
Qxa7 Qf4+ 28. Qe3 g5 29. Qxf4 gxf4 1-0

[Event "Team men HL chess 2016"]
[Site "Sochi"]
[Date "2016.05.04"]
[Round "4.8"]
[White "Smorchkov, Danil"]
[Black "Sin, Denis"]
[Result "1-0"]
[WhiteElo "2017"]
[BlackElo "2312"]
[PlyCount "120"]
[EventDate "2016.05.01"]

1. d4 Nf6 2. c4 c5 3. d5 e6 4. Nc3 exd5 5. cxd5 d6 6. Nf3 g6 7. Bf4 Bg7 8. Qa4+
Bd7 9. Qb3 Qc7 10. e4 O-O 11. Be2 Nh5 12. Be3 f5 13. exf5 Bxf5 14. Nd2 Nf6 15.
Nc4 Ne4 16. O-O Nxc3 17. bxc3 Nd7 18. Bf4 Rf6 19. Bg5 Rf7 20. g4 Be4 21. Rad1
Bf3 22. Rfe1 h6 23. Bh4 Bxe2 24. Rxe2 Ne5 25. Bg3 Qd7 26. h3 h5 27. Nxe5 dxe5
28. Re4 Qd6 29. c4 Raf8 30. Rd3 b6 31. Qd1 hxg4 32. Qxg4 Rf5 33. Qe2 Rh5 34.
Kg2 Rff5 35. Rg4 a6 36. a4 Kh7 37. Rb3 Rf7 38. Qb2 Rb7 39. Qb1 Rf5 40. Re4 Rh5
41. Re2 Qd7 42. h4 Qxa4 43. Re4 Rf5 44. Rg4 e4 45. Rxb6 Rxb6 46. Qxb6 Rf6 47.
Qxc5 Qd1 48. Rg5 Qd3 49. d6 e3 50. Qxe3 Qxc4 51. Rc5 Qg4 52. Rd5 Rf7 53. Qd3
Bf6 54. h5 Kg7 55. d7 Bd8 56. f3 Qe6 57. Rd6 Qf5 58. Rxg6+ Kh7 59. Qxf5 Rxf5
60. Rxa6 Rd5 1-0

[Event "Team men HL chess 2016"]
[Site "Sochi"]
[Date "2016.05.04"]
[Round "4.8"]
[White "Khokhlova, Daria"]
[Black "Lushnikov, Sergey"]
[Result "1-0"]
[WhiteElo "2204"]
[BlackElo "1953"]
[PlyCount "81"]
[EventDate "2016.05.01"]

1. d4 d5 2. Nf3 Nf6 3. c4 c6 4. e3 Bf5 5. Nc3 e6 6. Nh4 Be4 7. f3 Bg6 8. Qb3
Qb6 9. Nxg6 hxg6 10. cxd5 Qxb3 11. axb3 exd5 12. Kf2 Nbd7 13. Bd3 a5 14. g3 Bb4
15. Kg2 O-O 16. h4 Rac8 17. g4 Rfe8 18. Bd2 c5 19. Bb5 cxd4 20. exd4 Rcd8 21.
Rad1 Bxc3 22. bxc3 Re7 23. Rhe1 Rxe1 24. Rxe1 Kf8 25. Bf4 Ne8 26. Bc1 Nc7 27.
Ba3+ Kg8 28. Be7 Nxb5 29. Bxd8 Nxc3 30. Bxa5 Nb5 31. Re8+ Kh7 32. Re7 Nf8 33.
Rxf7 Ne6 34. Bb6 Nbxd4 35. Bxd4 Nxd4 36. Rxb7 Nc2 37. b4 d4 38. b5 d3 39. Rd7
Na3 40. b6 d2 41. b7 1-0

[Event "Team men HL chess 2016"]
[Site "Sochi"]
[Date "2016.05.04"]
[Round "4.9"]
[White "Tekeyev, Zaur"]
[Black "Vasilyev, Vasily"]
[Result "1-0"]
[WhiteElo "2350"]
[BlackElo "2308"]
[PlyCount "83"]
[EventDate "2016.05.01"]

1. e4 Nf6 2. e5 Nd5 3. d4 d6 4. Nf3 Bg4 5. Be2 c6 6. c4 Nb6 7. Nbd2 dxe5 8.
Nxe5 Bxe2 9. Qxe2 N8d7 10. b3 e6 11. Bb2 Nxe5 12. dxe5 Bb4 13. Rd1 Qe7 14. O-O
Bxd2 15. Qxd2 Nd7 16. Qa5 Qd8 17. Qc3 c5 18. Rd6 Qc7 19. Qg3 g6 20. Qf4 Rf8 21.
Qh4 Qd8 22. Qxh7 Qe7 23. Rfd1 O-O-O 24. Qh3 Nb8 25. Qe3 b6 26. b4 cxb4 27. c5
Rxd6 28. exd6 Qb7 29. cxb6 axb6 30. Qf4 f5 31. Qxb4 Kd7 32. Qh4 Rf7 33. Qg5 Qc8
34. Qxg6 Qe8 35. h4 Nc6 36. h5 e5 37. h6 Rf8 38. Qg5 Qf7 39. Qe3 Rg8 40. Qxb6
Qg6 41. Qc7+ Ke6 42. Qxc6 1-0

[Event "Team men HL chess 2016"]
[Site "Sochi"]
[Date "2016.05.04"]
[Round "4.9"]
[White "Ganzhurov, Roman"]
[Black "Bykov, Egor"]
[Result "1/2-1/2"]
[WhiteElo "2241"]
[BlackElo "2330"]
[PlyCount "111"]
[EventDate "2016.05.01"]

1. e4 e6 2. d4 d5 3. e5 c5 4. c3 Nc6 5. Nf3 Qb6 6. a3 Bd7 7. b4 cxd4 8. cxd4
Rc8 9. Bb2 Nge7 10. Nc3 Na5 11. Na4 Bxa4 12. Qxa4+ Nac6 13. Rc1 g6 14. Bd3 Bg7
15. O-O O-O 16. Rc5 a6 17. b5 Na7 18. bxa6 Rxc5 19. dxc5 Qxb2 20. Rb1 Qc3 21.
axb7 Nac6 22. Qb3 Qxc5 23. a4 Rb8 24. Qb5 Qxb5 25. Rxb5 Nd8 26. a5 Rxb7 27.
Rxb7 Nxb7 28. a6 Nc6 29. axb7 Nb8 30. Bb5 Kf8 31. Kf1 Ke7 32. Ke2 Kd8 33. Kd3
h6 34. Kd4 Kc7 35. Be8 f6 36. exf6 Bxf6+ 37. Ke3 g5 38. Nd4 e5 39. Nf5 g4 40.
Bf7 Bg5+ 41. Kd3 d4 42. Bh5 Nd7 43. Bxg4 Nc5+ 44. Kc4 Ne4 45. h4 Bf4 46. Ng7
Nxf2 47. Bf3 Bh2 48. Ne6+ Kb8 49. Nc5 Ka7 50. Bd5 d3 51. Nxd3 Nxd3 52. Kxd3 Bg3
53. h5 Bf4 54. Ke4 Kb8 55. Kf5 Bg5 56. Kxe5 1/2-1/2

[Event "Team men HL chess 2016"]
[Site "Sochi"]
[Date "2016.05.04"]
[Round "4.9"]
[White "Nechaev, Oleg"]
[Black "Mestnikov, Aital"]
[Result "1-0"]
[WhiteElo "2343"]
[BlackElo "2188"]
[PlyCount "61"]
[EventDate "2016.05.01"]

1. d4 Nf6 2. Bg5 d5 3. e3 e6 4. Nd2 c5 5. c3 Nc6 6. Ngf3 cxd4 7. exd4 Be7 8.
Bd3 O-O 9. O-O Qc7 10. Re1 Nh5 11. Ne5 Nxe5 12. Bxh7+ Kxh7 13. Qxh5+ Kg8 14.
Bxe7 Qxe7 15. Rxe5 f5 16. Rae1 Qf7 17. Qg5 Qf6 18. Nf3 Bd7 19. Qf4 Rae8 20. Ng5
Re7 21. R1e3 b5 22. Rh3 a5 23. Nh7 Qg6 24. Nxf8 Kxf8 25. Ree3 Qf6 26. Rh8+ Kf7
27. h4 Be8 28. h5 b4 29. Qd6 bxc3 30. bxc3 Rd7 31. Rf8# 1-0

[Event "Team men HL chess 2016"]
[Site "Sochi"]
[Date "2016.05.04"]
[Round "4.9"]
[White "Zakharov, Nikolay A"]
[Black "Rozhko, Dmitry"]
[Result "0-1"]
[WhiteElo "1990"]
[BlackElo "2298"]
[PlyCount "72"]
[EventDate "2016.05.01"]

1. e4 e6 2. d4 d5 3. e5 c5 4. c3 Qb6 5. Nf3 Bd7 6. Bd3 cxd4 7. cxd4 Bb5 8. Nc3
Bxd3 9. Qxd3 Ne7 10. a3 Nec6 11. b4 Nd7 12. Bb2 Be7 13. Rc1 O-O 14. O-O Rfc8
15. Na4 Qd8 16. Nc5 Nxc5 17. dxc5 b6 18. b5 Na5 19. c6 Nc4 20. Qb3 a6 21. a4
axb5 22. axb5 Nxb2 23. Qxb2 Ba3 24. Qd4 Bxc1 25. Rxc1 Ra5 26. Qb4 Qf8 27. Qb1
Qa3 28. Nd4 Ra4 29. Rd1 Qc3 30. Nf3 Rca8 31. Qc1 Qxc1 32. Rxc1 Ra1 33. Rf1 Kf8
34. Nd4 Ke7 35. f4 Rxf1+ 36. Kxf1 Ra4 0-1

[Event "Team men HL chess 2016"]
[Site "Sochi"]
[Date "2016.05.04"]
[Round "4.10"]
[White "Grishchenko, Sergey"]
[Black "Ponomarenko, Alexandr"]
[Result "1-0"]
[WhiteElo "2441"]
[BlackElo "2240"]
[PlyCount "55"]
[EventDate "2016.05.01"]

1. d4 Nf6 2. c4 e6 3. Nc3 Bb4 4. e3 d5 5. Nge2 O-O 6. a3 Be7 7. cxd5 exd5 8.
Nf4 Re8 9. Bd3 c6 10. O-O Nbd7 11. f3 Nf8 12. Bc2 Ne6 13. Nxe6 Bxe6 14. e4 c5
15. e5 Nd7 16. f4 f5 17. Ne2 g6 18. Kh1 Rf8 19. dxc5 Nxc5 20. b4 Ne4 21. Nd4
Bf7 22. Bb2 Qb6 23. g4 fxg4 24. Qxg4 Rac8 25. Bxe4 dxe4 26. Nf5 Qe6 27. Nh6+
Kh8 28. Nxf7+ 1-0

[Event "Team men HL chess 2016"]
[Site "Sochi"]
[Date "2016.05.04"]
[Round "4.10"]
[White "Dulenko, Maxim"]
[Black "Potapov, Alexey"]
[Result "1/2-1/2"]
[WhiteElo "2148"]
[BlackElo "2368"]
[PlyCount "81"]
[EventDate "2016.05.01"]

1. e4 d6 2. d4 g6 3. Bd3 Bg7 4. Ne2 Nf6 5. O-O O-O 6. h3 e5 7. c3 Re8 8. dxe5
Rxe5 9. f4 Re8 10. Ng3 Nbd7 11. Be3 b6 12. Nd2 Bb7 13. b4 Nd5 14. exd5 Rxe3 15.
Nde4 f5 16. Qd2 Rxd3 17. Qxd3 fxe4 18. Nxe4 Nf6 19. f5 Nxd5 20. fxg6 Qh4 21.
gxh7+ Kh8 22. Rae1 Rf8 23. Rxf8+ Bxf8 24. Ng3 Qxh7 25. Qf3 Qg7 26. Nh5 Nf4 27.
Qxb7 Nxh5 28. Re8 Nf4 29. Qf3 Ng6 30. Qh5+ Kg8 31. Qd5+ Qf7 32. Qxf7+ Kxf7 33.
Rc8 c5 34. Rc7+ Ke6 35. Rxa7 Kd5 36. Rb7 Kc6 37. Rf7 Bh6 38. Rf6 Be3+ 39. Kf1
Nf4 40. bxc5 Kxc5 41. c4 1/2-1/2

[Event "Team men HL chess 2016"]
[Site "Sochi"]
[Date "2016.05.04"]
[Round "4.10"]
[White "Pogosian, Georgy"]
[Black "Kayukov, Kirill"]
[Result "1-0"]
[WhiteElo "2184"]
[BlackElo "2166"]
[PlyCount "59"]
[EventDate "2016.05.01"]

1. c4 e6 2. d4 d5 3. Nc3 Nf6 4. cxd5 exd5 5. Bg5 Be7 6. Qc2 c6 7. e3 Bg4 8. Bd3
Bh5 9. Nf3 Bg6 10. Bxg6 hxg6 11. O-O-O Nbd7 12. Kb1 a5 13. h4 b5 14. Ne5 Rc8
15. f3 Qc7 16. e4 b4 17. Na4 dxe4 18. Nxd7 Nxd7 19. Bxe7 Kxe7 20. fxe4 Rhe8 21.
e5 Kf8 22. h5 Re6 23. hxg6 Rxg6 24. d5 Rh6 25. Rxh6 gxh6 26. e6 fxe6 27. d6 Qd8
28. Qh7 Qf6 29. Qxd7 Rd8 30. Qxc6 1-0

[Event "Team men HL chess 2016"]
[Site "Sochi"]
[Date "2016.05.04"]
[Round "4.10"]
[White "Tereshechkina, Maya"]
[Black "Parfenov, Viktor N"]
[Result "0-1"]
[WhiteElo "2065"]
[BlackElo "2167"]
[PlyCount "116"]
[EventDate "2016.05.01"]

1. d4 Nf6 2. Nf3 g6 3. Nbd2 Bg7 4. e3 O-O 5. Bd3 d6 6. O-O c5 7. b3 cxd4 8.
exd4 Nc6 9. a3 Bg4 10. h3 Bxf3 11. Nxf3 d5 12. Bb2 Qb6 13. Re1 Rfd8 14. Ne5 e6
15. Nxc6 Qxc6 16. a4 Rac8 17. a5 a6 18. Qe2 Qc7 19. Ra4 Nd7 20. c4 dxc4 21.
bxc4 Nb8 22. d5 Bxb2 23. Qxb2 exd5 24. cxd5 Rxd5 25. Be4 Rb5 26. Qf6 Nc6 27.
Rc4 Re5 28. Rec1 Rce8 29. f3 R8e6 30. Qf4 Qd6 31. Bxc6 bxc6 32. Kh2 Rxa5 33.
Qxd6 Rxd6 34. Rxc6 Rxc6 35. Rxc6 Kg7 36. h4 h5 37. g4 hxg4 38. fxg4 Ra3 39. g5
Kf8 40. Rc7 a5 41. Ra7 Ra1 42. Ra8+ Ke7 43. Ra7+ Ke6 44. Ra6+ Kf5 45. Rc6 Kg4
46. Rc4+ Kh5 47. Kg3 Ra3+ 48. Kg2 Rb3 49. Ra4 Rb4 50. Rxa5 Kxh4 51. Kf3 Rb1 52.
Kf2 Rb7 53. Kf3 Kh5 54. Rc5 Rb3+ 55. Kf4 Rb1 56. Ke3 Rf1 57. Ke4 Kg4 58. Ra5
Rf5 0-1

[Event "Team men HL chess 2016"]
[Site "Sochi"]
[Date "2016.05.04"]
[Round "4.11"]
[White "Taysayev, Timur"]
[Black "Bezgodov, Alexei"]
[Result "0-1"]
[WhiteElo "2231"]
[BlackElo "2512"]
[PlyCount "86"]
[EventDate "2016.05.01"]

1. e4 e5 2. Nf3 Nc6 3. Bb5 a6 4. Ba4 Nf6 5. Bxc6 dxc6 6. d3 Bd6 7. Nbd2 O-O 8.
Nc4 Re8 9. Bg5 h6 10. Bh4 b5 11. Ne3 Bb4+ 12. Nd2 Qd6 13. Bxf6 Qxf6 14. O-O Be6
15. Qe2 Rad8 16. Rfd1 Bf8 17. Qf3 Qxf3 18. Nxf3 Bc8 19. h3 g6 20. g4 Kg7 21.
Kg2 Bd6 22. Ng1 Rh8 23. Ne2 h5 24. Ng3 hxg4 25. hxg4 Bc5 26. Kf3 Bxe3 27. Kxe3
Bxg4 28. Rh1 Rxh1 29. Rxh1 Be6 30. b4 a5 31. a3 axb4 32. axb4 Ra8 33. Kd2 Kf6
34. Ne2 Ra4 35. c3 Bg4 36. f3 Bxf3 37. Rf1 Ra2+ 38. Ke3 Rxe2+ 39. Kxf3 Rc2 40.
Ke3+ Ke6 41. Rh1 Rxc3 42. Rh8 c5 43. bxc5 Rxc5 0-1

[Event "Team men HL chess 2016"]
[Site "Sochi"]
[Date "2016.05.04"]
[Round "4.11"]
[White "Vokarev, Sergey"]
[Black "Nazaretyan, Tigran"]
[Result "1-0"]
[WhiteElo "2461"]
[BlackElo "2316"]
[PlyCount "101"]
[EventDate "2016.05.01"]

1. Nf3 Nf6 2. g3 g6 3. Bg2 Bg7 4. O-O O-O 5. d4 d6 6. a4 Nbd7 7. Nc3 e5 8. e4
c6 9. h3 Re8 10. Re1 Qc7 11. Bg5 h6 12. Be3 exd4 13. Nxd4 Nc5 14. Bf4 Nfd7 15.
Qd2 Kh7 16. Rad1 Ne5 17. b3 a6 18. Nde2 g5 19. Be3 Bxh3 20. Qxd6 Qxd6 21. Rxd6
Bxg2 22. Kxg2 Ne6 23. f3 Bf8 24. Rdd1 Kg6 25. Bg1 Bb4 26. Rf1 f5 27. f4 gxf4
28. gxf4 Ng4 29. exf5+ Kxf5 30. Ng3+ Kf6 31. Nce4+ Kf7 32. f5 Ng5 33. Nxg5+
hxg5 34. Rd4 Nf6 35. Rxb4 b5 36. Rd4 Nd5 37. Ne4 Rg8 38. Kg3 Rad8 39. c4 bxc4
40. bxc4 Nf6 41. Nxf6 Kxf6 42. Kg4 Rh8 43. Rxd8 Rxd8 44. Re1 Rd2 45. Re6+ Kf7
46. Be3 Rd3 47. Kxg5 Ra3 48. Re7+ Kf8 49. f6 Ra2 50. Kg6 Rg2+ 51. Kh7 1-0

[Event "Team men HL chess 2016"]
[Site "Sochi"]
[Date "2016.05.04"]
[Round "4.11"]
[White "Aivazian, Grigory"]
[Black "Ozgibcev, Anatoly"]
[Result "0-1"]
[WhiteElo "2315"]
[BlackElo "2375"]
[PlyCount "86"]
[EventDate "2016.05.01"]

1. Nf3 d5 2. g3 c5 3. Bg2 Nc6 4. d4 e6 5. O-O Nf6 6. c4 cxd4 7. cxd5 exd5 8.
Nxd4 Be7 9. Nc3 O-O 10. a3 Bg4 11. h3 Be6 12. Kh2 Rc8 13. Nxc6 bxc6 14. Qd3 c5
15. Bg5 d4 16. Bxf6 Bxf6 17. Ne4 Be7 18. b3 c4 19. bxc4 Bxc4 20. Qf3 Qa5 21.
Rfd1 Rfd8 22. Nd2 Be6 23. Qb7 Rc7 24. Qb1 h5 25. Kg1 d3 26. exd3 Bf6 27. Ne4
Bxa1 28. Qxa1 Bb3 29. Rc1 Bc2 30. Bf1 Bxd3 31. Bxd3 Rxd3 32. Rxc7 Qxc7 33. Qb2
h4 34. Qb5 Qd8 35. g4 Rxa3 36. Qe5 Ra5 37. Qf4 Rb5 38. Nd6 Rb1+ 39. Kh2 Qf8 40.
Qe5 Rb6 41. Nb5 a5 42. Kg1 Qb8 43. Nc7 Rb7 0-1

[Event "Team men HL chess 2016"]
[Site "Sochi"]
[Date "2016.05.04"]
[Round "4.11"]
[White "Bezdenezhnyh, Pavel"]
[Black "Tenikashvili, Georgij"]
[Result "1-0"]
[WhiteElo "2181"]
[BlackElo "2319"]
[PlyCount "91"]
[EventDate "2016.05.01"]

1. e4 c6 2. Nc3 d5 3. Nf3 Bg4 4. h3 Bxf3 5. Qxf3 e6 6. d3 Nf6 7. a3 Bd6 8. g4
Nbd7 9. g5 Ng8 10. h4 Qb6 11. Bh3 Ne7 12. h5 Rf8 13. Qe2 O-O-O 14. Nd1 Kb8 15.
Be3 d4 16. Bd2 Qc7 17. b3 Bf4 18. Nb2 Qe5 19. Qg4 Bxd2+ 20. Kxd2 Qc5 21. Nc4
Nb6 22. Qg3+ Ka8 23. Ke2 Nxc4 24. bxc4 f5 25. gxf6 gxf6 26. Bxe6 f5 27. f3 Rf6
28. Qc7 Rb8 29. Bd7 fxe4 30. fxe4 Qg5 31. Raf1 Rbf8 32. Bf5 Nxf5 33. exf5 Rxf5
34. Rxf5 Qg2+ 35. Kd1 Qxh1+ 36. Kd2 Re8 37. Qe5 Qg2+ 38. Kc1 Qg1+ 39. Kb2 Rd8
40. Qe7 Rb8 41. Rf8 a6 42. Rxb8+ Kxb8 43. Qxh7 Ka7 44. Qh8 Qg5 45. Qxd4+ c5 46.
Qh8 1-0

[Event "Team men HL 2016"]
[Site "Sochi"]
[Date "2016.05.05"]
[Round "5.1"]
[White "Eliseev, Urii"]
[Black "Khismatullin, Denis"]
[Result "1/2-1/2"]
[LiveChessVersion "1.4.4"]
[BlackElo "2609"]
[WhiteElo "2606"]

1. e4 {[%clk 1:30:58]} e5 {[%clk 1:30:56]} 2. Nf3 {[%clk 1:31:22]} Nc6
{[%clk 1:31:24]} 3. Bb5 {[%clk 1:31:09]} Nf6 {[%clk 1:31:49]} 4. d3
{[%clk 1:31:34]} Bc5 {[%clk 1:32:14]} 5. Bxc6 {[%clk 1:31:54]} dxc6
{[%clk 1:32:39]} 6. Nbd2 {[%clk 1:32:18]} Be6 {[%clk 1:32:35]} 7. O-O
{[%clk 1:31:00]} Nd7 {[%clk 1:31:43]} 8. Nb3 {[%clk 1:31:26]} Bb6
{[%clk 1:30:33]} 9. Ng5 {[%clk 1:31:48]} Bxb3 {[%clk 1:30:55]} 10. axb3
{[%clk 1:32:12]} f6 {[%clk 1:31:22]} 11. Nf3 {[%clk 1:31:28]} Nc5
{[%clk 1:29:58]} 12. Nd2 {[%clk 1:20:55]} O-O {[%clk 1:29:17]} 13. Nc4
{[%clk 1:21:20]} Ne6 {[%clk 1:29:41]} 14. Kh1 {[%clk 1:15:11]} Qd7
{[%clk 1:27:41]} 15. Qg4 {[%clk 1:04:45]} Rad8 {[%clk 1:28:02]} 16. f4
{[%clk 0:51:56]} Nxf4 {[%clk 1:18:12]} 17. Qxd7 {[%clk 0:52:15]} Rxd7
{[%clk 1:18:36]} 18. Bxf4 {[%clk 0:52:38]} exf4 {[%clk 1:19:03]} 19. Rxf4
{[%clk 0:47:54]} Re8 {[%clk 1:12:15]} 20. Nxb6 {[%clk 0:40:51]} axb6
{[%clk 1:12:27]} 21. g4 {[%clk 0:41:08]} c5 {[%clk 1:12:16]} 22. Rf5
{[%clk 0:37:07]} h6 {[%clk 1:06:33]} 23. Kg2 {[%clk 0:37:12]} Kf7
{[%clk 1:04:05]} 24. Kf3 {[%clk 0:35:18]} Ke6 {[%clk 1:04:19]} 25. Ke3
{[%clk 0:35:42]} Rdd8 {[%clk 1:02:14]} 26. Kd2 {[%clk 0:32:46]} Ra8
{[%clk 1:01:29]} 27. Re1 {[%clk 0:28:15]} Kd6 {[%clk 1:00:10]} 28. h4
{[%clk 0:27:23]} Re5 {[%clk 1:00:17]} 29. Ref1 {[%clk 0:26:38]} Ke6
{[%clk 0:51:14]} 30. c3 {[%clk 0:25:42]} Ra2 {[%clk 0:47:58]} 31. Kc2
{[%clk 0:25:51]} Ra8 {[%clk 0:48:16]} 32. R5f4 {[%clk 0:21:23]} Rd8
{[%clk 0:39:25]} 33. Ra1 {[%clk 0:18:27]} h5 {[%clk 0:36:28]} 34. gxh5
{[%clk 0:15:01]} Rxh5 {[%clk 0:34:05]} 35. Rg1 {[%clk 0:15:18]} g5
{[%clk 0:26:47]} 36. hxg5 {[%clk 0:15:41]} Rh2+ {[%clk 0:18:42]} 37. Kb1
{[%clk 0:04:44]} fxg5 {[%clk 0:18:11]} 38. Rxg5 {[%clk 0:05:10]} Rh1+
{[%clk 0:14:40]} 39. Kc2 {[%clk 0:05:36]} Rh2+ {[%clk 0:15:06]} 40. Kb1
{[%clk 0:36:01]} Rh1+ {[%clk 0:45:31]} 41. Kc2 {[%clk 0:36:25]} 1/2-1/2